000 00637nam a2200193Ia 4500
003 IN-BaIIA
008 211028s9999 xx 000 0 eng d
020 _a0-387-96814-8
040 _cIIA Library
080 _a524.5(04)
_bVER
100 _aVerschuur, Gerrit L.
_98371
245 0 _aInterstellar matter
_bessays on curiosity and astronomical discovery
_cGerrit L. Verschuur
260 _aNew York
_bSpringer-Verlag
_c1989
300 _avi, 320p.
650 _aAstronomy and astrophysics thesaurus
650 _aInterplanetary grains
_95545
650 _aInterstellar matter
_91189
942 _cBK
999 _c9593
_d9593